000 00898nam a2200241 4500
003 MX-MxINE
005 20260601171014.0
008 260505b\\\\\\\\mx\a||||\||||\00|\0\spa\d
040 _aICI
_bspa
_cICI
_erda
041 _aspa
050 _aNK8483.O44
_bD57
245 _aDiseños para Olinalá :
_bImpulso a la actividad artesanal
264 _aMéxico :
_bGobierno del Estado de Guerrero :
_bLotería Nacional para la Asistencia Pública :
_bFondo Nacional para el Fomento de las Artesanías,
_c[s.f]
300 _a32 páginas :
_bilustraciones
336 _2rdacontent
_atexto
337 _2rdamedia
_asin medio
338 _2rdacarrier
_avolumen
650 _aArtesanías mexicanas.
650 _aLaca mexicana.
_933586
650 _aOlinalá (Guerrero, México
_933587
651 _aOlinalá (Guerrero, México Olinalá (Guerrero, México)
_xDescripción y viajes.
_933588
942 _2lcc
_n1
_cB
999 _c20612
_d20612